Stopnie w polskiej Policji - Statystyki

Ogólne statystyki
  • Ten quiz został rozwiązany 583 razy
  • Średni wynik to 11 z 17
Statystyki odpowiedzi
Korpus Stopień % Poprawnych
aspirantów aspirant
91%
aspirantów starszy aspirant
83%
podoficerów sierżant
79%
aspirantów młodszy aspirant
78%
szeregowych posterunkowy
77%
szeregowych starszy posterunkowy
71%
podoficerów starszy sierżant
69%
oficerów młodszych komisarz
68%
oficerów starszych inspektor
67%
aspirantów aspirant sztabowy
65%
oficerów młodszych podkomisarz
62%
podoficerów sierżant sztabowy
58%
oficerów młodszych nadkomisarz
57%
oficerów starszych podinspektor
54%
generałów nadinspektor
53%
oficerów starszych młodszy inspektor
50%
generałów generalny inspektor
24%
Nie znaleziono quizów pasujących do podanych kryteriów
Rozkład punktacji
Procent ludzi z każdym wynikiem
Percentyl według liczby udzielonych odpowiedzi
Twoja historia wyników
Nie rozwiązałeś tego quizu